Moby Dick /

Herman Melville (1819-1891) creó la fábula de la ballena blanca hace un siglo y medio. Demonio del mar o símbolo de la belleza, Moby Dick es el personaje principal de una historia fascinante de aventuras, en las que se mezclan el bien y el mal.

Guardado en:
Autor Principal: Mevlille, Herman.
Otros Autores: Bobillo, Juan; il., Aulicino, Jorge; adapt.
Formato: Libro
Idioma:Undetermined
Publicado: Barcelona : Arte Gráfico, 2000.
Series:Grandes clásicos - Genios ; 12
Materias:
Etiquetas: Agregar Etiqueta
Sin Etiquetas, Sea el primero en etiquetar este registro!
LEADER 00952nam a22002175a 4500
001 CEM.cems021060
008 240422s2000####sp############000#0#und#d
005 20240422175533.0
245 1 0 |a Moby Dick /  |c Herman Mevlille ; ilustrado por Juan Bobillo ; adaptado por Jorge Aulicino. 
260 |a Barcelona :  |b Arte Gráfico,  |c 2000. 
300 |a 46 p. 
490 1 |a Grandes clásicos - Genios ;  |v 12 
520 |a Herman Melville (1819-1891) creó la fábula de la ballena blanca hace un siglo y medio. Demonio del mar o símbolo de la belleza, Moby Dick es el personaje principal de una historia fascinante de aventuras, en las que se mezclan el bien y el mal. 
020 |a 9507820620 
100 1 |a Mevlille, Herman. 
700 1 |a Bobillo, Juan; il. 
700 1 |a Aulicino, Jorge; adapt. 
653 |a Novela juvenil 
653 |a Literatura juvenil 
653 |a Literatura norteamericana 
859 |a CEMS  |b BIB. CEMS - Inicial y Primaria  |h 813.4  |i M494  |k IP  |p 6543  |t Ej.1